Principles of management / (Record no. 138033)

MARC details
000 -LEADER
fixed length control field 00612nam a22002057a 4500
005 - DATE AND TIME OF LATEST TRANSACTION
control field 20170306113421.0
010 ## - LCCN (DPL NO)
LC control number ENG-117408
020 ## - INTERNATIONAL STANDARD BOOK NUMBER
International Standard Book Number 8171981631
Terms of availability 200.00
035 ## - SYSTEM CONTROL NUMBER
System control number EN-100323
037 ## - SOURCE OF ACQUISITION
Source of stock number/acquisition DBAD/PUB
082 ## - DEWEY DECIMAL CLASSIFICATION NUMBER
Classification number 658
100 ## - MAIN ENTRY--PERSONAL NAME
Personal name Gupta,C.B.
245 ## - TITLE STATEMENT
Title Principles of management /
Remainder of title by C.B. Gupta,[and] Viswanadham Bulusu
260 ## - PUBLICATION, DISTRIBUTION, ETC. (IMPRINT)
Place of publication, distribution, etc Indirapuram
Name of publisher, distributor, etc Mayur Paperbacks
Date of publication, distribution, etc 2016
270 ## - ADDRESS
Address SRB 43A, Shipra Riviera,Gyan Khand 3
City Indirapuram
Postal code 201014
300 ## - PHYSICAL DESCRIPTION
Extent xii,658p.
Dimensions 23cm(pbk)
700 ## - ADDED ENTRY--PERSONAL NAME
Personal name Gupta, C.B.
710 ## - ADDED ENTRY--CORPORATE NAME
Corporate name or jurisdiction name as entry element Bulusu, Visawanadham
942 ## - ADDED ENTRY ELEMENTS (KOHA)
Source of classification or shelving scheme Dewey Decimal Classification
Item type English Books
Classification part 658
Call number suffix GUP
Holdings
Withdrawn status Lost status Not for loan Collection code Home library Current library Date acquired Source of acquisition Cost, normal purchase price Full call number Barcode Copy number Cost, replacement price Koha item type
      Non-fiction Shahdara Branch Shahdara Branch 06/03/2017 DBAD/PUB 200.00 658 GUP EN-100940 1 200.00 English Books

© Delhi Public Library
Hit Counter
free hit counter